Children of the dust / (Record no. 10621)
[ view plain ]
| 000 -LEADER | |
|---|---|
| fixed length control field | 00473pam a2200157 a 4500 |
| 020 ## - ISBN | |
| International Standard Book Number | 0679441328 |
| 050 00 - LIBRARY OF CONGRESS CALL NUMBER | |
| Classification Number | PS3553.A68 |
| Item Number | C48 1995 |
| 100 1# - MAIN ENTRY--Author | |
| Personal name | Carlile, Clancy, |
| Dates associated with a name | 1930- |
| 245 10 - TITLE | |
| Title | Children of the dust / |
| Statement of responsibility, etc | Clancy Carlile. |
| 250 ## - EDITIONSTATEMENT | |
| Edition statement | 1st ed. |
| 260 ## - PUBLICATION, DISTRIBUTION, ETC.(IMPRINT) | |
| Place of publication, distribution, etc | New York : |
| Name of publisher, distributor, etc | Random House, |
| Date of publication, distribution, etc | c1995. |
| 300 ## - PHYSICAL DESCRIPTION | |
| Extent | 428 p. ; |
| 650 ## - SUBJECT--TOPIC | |
| General subdivision | Oklahoma ; |
| -- | Oklahoma Land Rush (1889). |
| 856 42 - URL/ELECTRONIC LOCATION AND ACCESS | |
| Uniform Resource Identifier | <a href="http://www.loc.gov/catdir/description/random0412/94043918.html">http://www.loc.gov/catdir/description/random0412/94043918.html</a> |
| 942 ## - ADDED ENTRY ELEMENTS(KOHA) | |
| Source of classification or shelving scheme | Library of Congress Classification |
| Koha item type | General circulation |
| Source of classification or shelving scheme | Not for loan | Location (home branch) | Sublocation (holding branch) | Shelving location | Date accessioned | Full call number | Barcode | Nonpublic note | Koha item type | Public note |
|---|---|---|---|---|---|---|---|---|---|---|
| Library of Congress Classification | Mtito Andei Centre Library | Mtito Andei Centre Library | 09/02/2016 | PS3553.A68 C48 1995 | 2015/009287 | Nzk | General circulation | Nzk |